ARRUPE JESUIT UNIVERSITY

CORONAVIRUS -STOP THE SPREAD - CLEAN,DISINFECT,COVER

Europeans in Africa (Record no. 14127)

MARC details
000 -LEADER
fixed length control field 00519nam a2200229Ia 4500
003 - CONTROL NUMBER IDENTIFIER
control field 0100
008 - FIXED-LENGTH DATA ELEMENTS--GENERAL INFORMATION
fixed length control field 130303s9999 xx 000 0 und d
020 ## - INTERNATIONAL STANDARD BOOK NUMBER
International Standard Book Number 394310047
040 ## - CATALOGING SOURCE
Transcribing agency ARRUPELIB
050 ## - LIBRARY OF CONGRESS CALL NUMBER
Classification number DT31.C541971
300 ## - PHYSICAL DESCRIPTION
Other physical details 168 vii p. 20 cm
100 ## - MAIN ENTRY--PERSONAL NAME
Personal name Collins, Robert O
245 ## - TITLE STATEMENT
Title Europeans in Africa
250 ## - EDITION STATEMENT
Edition statement 1st
260 ## - PUBLICATION, DISTRIBUTION, ETC. (IMPRINT)
Place of publication, distribution, etc New York
260 ## - PUBLICATION, DISTRIBUTION, ETC. (IMPRINT)
Name of publisher, distributor, etc Knopf
260 ## - PUBLICATION, DISTRIBUTION, ETC. (IMPRINT)
-- 1971
300 ## - PHYSICAL DESCRIPTION
Extent xiii
440 ## - SERIES STATEMENT/ADDED ENTRY--TITLE
Title Studies in world civilization
700 ## - ADDED ENTRY--PERSONAL NAME
Personal name Robert O. Collins
942 00 - ADDED ENTRY ELEMENTS (KOHA)
Koha issues (borrowed), all copies 3
Holdings
Withdrawn status Lost status Source of classification or shelving scheme Damaged status Not for loan Collection code Home library Current library Shelving location Date acquired Total Checkouts Full call number Barcode Date last seen Date checked out Copy number Price effective from Koha item type
    Library of Congress Classification     Main Collection ARRUPE LIBRARY ARRUPE LIBRARY   04/03/2013 3 DT31.C541971 46003095583 07/12/2017 23/04/2014 1 04/03/2013 Monograph ( Printed materials)

 

Arrupe Library. PO Box MP320 Mt Pleasant, Harare, Zimbabwe
263 242 745411|librarian@aju.ac.zw